01063 a2200205 45000010006000000050017000060080041000230030015000640400040000790800091001192450101002100200022003112640063003333000019003965050271004150410008006861000027006947000041007218560095007624264320260407155714.0260407a2012 arg spa dAR-UNSa-BCEJYS aAR-UNSa-BCEJYSbspacAR-UNSa-BCEJYS a316.7xSociología de la cultura. contexto cultural de la vida social (posmodernidad)10aRescate de saberes ancestrales en comunidades etnográficas y criollas de la provincia de Salta a978-987-510-192-0 1aBuenos Aires :bCFI (Consejo Federal de Inversiones)c2012 a226 p.c30 cm. a1. Introducción - 2. Caracterización de las comunidades etnográficas - 3. Análisis del contexto en las regiones geográficas de asentamiento - 4. Organización del trabajo de campo - 5. Tareas de rescate de saberes ancestrales - 6. Tareas de recuperación aspa1 aBurgos, Mariela Ondina1 aConsejo Federal de Inversiones (CFI)41uhttps://biblioeco.unsa.edu.ar/pmb/images/libros/L126585.jpgyImagen de portadaqimage/jpeg